The fateful journey : the expedition of Alexine Tinne and Theodor von Heuglin in Sudan (1863-1864) : a study of their travel accounts and ethnographic collections /

محفوظ في:

المؤلف الرئيسي: Willink, Joost (مؤلف)

التنسيق: كتاب

اللغة: English

منشور في: Amsterdam : Amsterdam University Press, c2011.

الموضوعات:

الوسوم: إضافة وسم

لا توجد وسوم, كن أول من يضع وسما على هذه التسجيلة!

رقم الطلب: DT154.73 .W55 2011

LEADER 01522namaa2200289 4500
001 22283
003 OSt
005 20250805102315.0
008 130303s2011 ne a b 001 0 eng d
010 |a 2012387266 
020 |a 9789089643520 
040 |c ARCE Library 
043 |a f-sj--- 
050 4 |a DT154.73 .W55 2011 
100 1 |a Willink, Joost,   |e author  |9 42246 
245 1 4 |a The fateful journey :   |b the expedition of Alexine Tinne and Theodor von Heuglin in Sudan (1863-1864) : a study of their travel accounts and ethnographic collections /   |c Robert Joost Willink. 
264 1 |a Amsterdam :   |b Amsterdam University Press,   |c c2011. 
300 |a 455 pages :   |b Illustrations ;   |c 25 cm. +   |e 1 map. 
504 |a Includes bibliographical references and index. 
505 0 |a Sudan: the place for adventure, trade and science -- The White Nile and Khartoum -- Perparations for the journey -- To the Bahr el-Ghazal -- Beyond the Bahr el-Ghazal -- The reversal of fortune -- A pause in Cairo -- After Cairo -- The Plantae Tinneanae -- The White Nile excursionof the Tinne party -- Khartoum in the summer of 1862 -- Khartoum -- Sudan -- Letters A. Tinne from Khartoum and Berber -- Tidings from Cairo -- Petermann's maps of 1865 and 1869. 
555 |a Nabil 
600 1 0 |a Tinne, Alexandrine,  |d 1835-1869  |x Travel  |z Sudan.  |9 41144 
600 1 0 |a Heuglin, Theodor von,  |d 1824-1876  |x Travel  |z Sudan.  |9 32005 
651 0 |a Sudan  |x Discovery and exploration. 
901 |a reviewed 
942 |c BK  |2 lcc 
999 |c 21274  |d 21274